| 000 | 00407nam a2200133 a 4500 | ||
|---|---|---|---|
| 005 | 20140414132120.0 | ||
| 008 | 120822s19uu xx 00 eng d | ||
| 050 |
_aTR 372.7 _bC167 2000 |
||
| 245 |
_aCalvert math: _bpractice and enrichment workbook. |
||
| 260 |
_aHunt Valley, Maryland : _bCalvert School, _c2000. |
||
| 300 | _a229 | ||
| 650 | _aMathematics- practice &enrichnment workbook. | ||
| 999 |
_c115033 _d115033 |
||